000 00537nam a2200181Ia 4500
999 _c1562
_d1562
003 OSt
005 20200930140842.0
008 190216s9999||||xx |||||||||||||| ||und||
020 _a9788121902168
040 _coclc
082 _a612
_bSUB/T
100 _aSubrahmanyam, Sarada
_95227
245 0 _aTextbook Of Human Physiology /
_cSarada Subrahmanyam ; K Madhavankutty
260 _bS Chand And Company,
_aNew Delhi:
_c2004.
300 _a1016p
650 _aBotany
942 _cBK
_2ddc
_h612
_iSUB/T
_k612
_mSUB/T